औदुंबर (Record no. 39023)

MARC details
000 -LEADER
fixed length control field 00519nam a2200181Ia 4500
008 - FIXED-LENGTH DATA ELEMENTS--GENERAL INFORMATION
fixed length control field 090123s9999 xx 000 0 und d
082 ## - DEWEY DECIMAL CLASSIFICATION NUMBER
Item number 935
100 ## - MAIN ENTRY--PERSONAL NAME
Personal name पानवलकर श्री. दा.
245 ## - TITLE STATEMENT
Title औदुंबर
250 ## - EDITION STATEMENT
Edition statement 1
260 ## - PUBLICATION, DISTRIBUTION, ETC. (IMPRINT)
Name of publisher, distributor, etc भागवत वा.पु.
300 ## - PHYSICAL DESCRIPTION
Extent 206
600 ## - SUBJECT ADDED ENTRY--PERSONAL NAME
Personal name पानवलकर श्री. दा.
630 ## - SUBJECT ADDED ENTRY--UNIFORM TITLE
Uniform title औदुंबर
700 ## - ADDED ENTRY--PERSONAL NAME
Personal name पानवलकर श्री. दा.
730 ## - ADDED ENTRY--UNIFORM TITLE
Uniform title औदुंबर
942 ## - ADDED ENTRY ELEMENTS (KOHA)
Koha item type Book
Holdings
Withdrawn status Lost status Damaged status Not for loan Home library Current library Date acquired Cost, normal purchase price Total Checkouts Full call number Barcode Date last seen Cost, replacement price Price effective from Koha item type
      Added to bundle Jawahar Wachalanalaya, Kalwa Jawahar Wachalanalaya, Kalwa 03/31/2003 6.00   935 KLW-935 01/23/2009 6.00 01/23/2009 Book